| 000 | 00914cam a2200241 4500 | ||
|---|---|---|---|
| 001 | WB3725-23 | ||
| 008 | 000000n2001 000 0 eng u | ||
| 035 | _a(Sirsi) u113339 | ||
| 245 | _aNuisance values | ||
| 260 | _c2001 | ||
| 490 |
_aEstates Gazette _v(0125) 23 June 2001, 154(1) |
||
| 520 | _aConsiders the case of "Mowan v Wandsworth LBC" in which the claimant alleged that a landlord was responsible for a tenant's nuisance behaviour. It was found that a landlord is not liable for an unauthorised nuisance and that a landlord's limited liability in this respect is not an infringement of human rights. | ||
| 590 | _aWB | ||
| 650 | _aMOWAN V WANDSWORTH LBC | ||
| 650 | _aHUSSAIN V LANCASTER CC | ||
| 650 | _aOSMAN V UNITED KINGDOM | ||
| 650 | _aSMITH V SCOTT | ||
| 650 | _aHUMAN RIGHTS | ||
| 650 | _aLIABILITY | ||
| 650 | _aNUISANCE | ||
| 690 | _aPROPERTY-LANDLORD AND TENANT | ||
| 942 | _n0 | ||
| 999 |
_c67519 _d67519 |
||